000 00392nam a22001577a 4500
005 20230118112820.0
008 200225b xxu||||| |||| 00| 0 eng d
020 _a81-239-0266-2
041 _aeng
100 _aVERMA, R M
_95131
245 _aANALYTICAL CHEMISTRY : THEORY AND PRACTICE
260 _aNEW DELHI
_bCBS
300 _a561p,
650 _aPHARMACY
_xD.PHARMA
_97090
942 _cBK
999 _c6038
_d6036